000 00395cam a2200157ua 4500
003 OSt
005 20260213113954.0
008 260213b |||||||| |||| 00| 0 eng d
041 _amal
082 _a039.94812
_bSAH/VI
245 _aVisvavijnanakosham, Vol 9 /
250 _a1 /
260 _aKottayam :
_bSahitya Pravarthaka Co-operative Society ,
_c1972.
300 _a1000 ; .
942 _cBK
999 _c3829
_d3829